| 000 | 00450nam a22001817a 4500 | ||
|---|---|---|---|
| 003 | koha_MIRAKIL | ||
| 005 | 20231213095449.0 | ||
| 008 | 231213b |||||||| |||| 00| 0 ||| d | ||
| 020 | _b978-9-75081512-6 | ||
| 040 |
_aTR-IsEVY _btur _cTR-IsEVY |
||
| 082 | _a811.42 RİF/B | ||
| 100 | _aRİFAT, OKTAY. | ||
| 245 | 0 | _aBİR AŞKA VURAN GÜNEŞ. | |
| 260 |
_bYapı Kredi, _c2013 |
||
| 300 | _a124. | ||
| 650 | _aTürk Edebiyatı. | ||
| 942 |
_2ddc _cBK |
||
| 999 |
_c4044 _d4044 |
||